LEADER 01551nam a2200337 a 4500 001 000000143302 003 CaOOAMICUS 005 20150513111804.0 008 150513s2009 fr u000 u fre r 020 $a978-2-7178-5545-6 040 $aPUL$bita 082 04$a342.44 245 03$aLa constitution de la république française :$banalyses et commentaires /$csous la direction de François Luchaire, Gérard Conac, Xavier Prétot ; coordinatrice Clémence Zacharie. 250 $a3e éd. 260 $aParis :$bEconomica,$c2009. 300 $aVI, 2126 p. ;$c25 cm 500 $aSulla cop.: 50e anniversaire révision du 23 Juillet 2008. 504 $aBibliografia p. [2111]-2120. 651 4$aFrancia$xCostituzione$ySec. XIX.$0(OLS)http://pul/subject/31474 700 1 $aLuchaire, François,$d1919-$0(OLS)http://pul/name/48392 700 1 $aConac, Gérard.$0(OLS)http://pul/name/35142 700 1 $aPrétot, Xavier.$0(OLS)http://pul/name/92115 700 1 $aZacharie, Clémence.$0(OLS)http://pul/name/92116 850 $aPUL 852 $aPUL$W1$xSL Diritto e Scienze Sociali 3$y79$m342. 44 ZACCL 1$j165415$qDDC 21$B165680$CPULBib$Z2$F165680 $H125758 $82 941 1 $a9 996 $6020$a978-2-7178-5545-6$9(OLS)http://pul/number/157506 996 $6082$a342.44$9(OLS)http://pul/classification/2090 996 $6245$aLa constitution de la république française :$banalyses et commentaires$9(OLS)http://pul/title/181342 996 $6260$aParis :$bEconomica$9(OLS)http://pul/publisher/67111 LEADER 01096namaa2200277 i 4500 001 000000178653 003 CaOOAMICUS 005 20260410120351.0 007 tu 008 260410s1936 it 000 u ita r 040 $aPUL$bita$erda 100 1 $aRicca Salerno, Paolo,$d1889 ? 1951,$eautore.$0(OLS)http://pul/name/114960 245 10$aContributo alla teoria economica della finanza /$cPaolo Ricca Salerno. 264 1$aMilano :$bGiuffrè,$c1936. 300 $a151 pagine ;$c24 cm 336 $atesto$btxt$2rdacontent 337 $asenza mediazione$bn$2rdamedia 338 $avolume$bnc$2rdacarrier 504 $aBibliografia in nota a piè pagina. 650 4$aEconomia$xTeorie$ySec. XX.$0(OLS)http://pul/subject/11803 850 $aPUL 852 $aPUL$W1$xDP1 Fondo Benedetti Carloni$y126$m3 B 1$j162799$qFondi$B207820$CPULBib$Z2$F207820 $HBen118 $82 941 1 $a1 996 $6245$aContributo alla teoria economica della finanza$9(OLS)http://pul/title/220230 996 $6264$aMilano :$bGiuffrè$9(OLS)http://pul/publisher/48401